Proceedings of the 5th Gottingen-Jerusalem Symposium on Astrophysics (Record no. 7276)

MARC details
000 -LEADER
fixed length control field 00903nam a2200217Ia 4500
003 - CONTROL NUMBER IDENTIFIER
control field IN-BaIIA
008 - FIXED-LENGTH DATA ELEMENTS--GENERAL INFORMATION
fixed length control field 211028s9999 xx 000 0 eng d
020 ## - INTERNATIONAL STANDARD BOOK NUMBER
International Standard Book Number 3-525-82107-7
040 ## - CATALOGING SOURCE
Transcribing agency IIA Library
080 ## - UNIVERSAL DECIMAL CLASSIFICATION NUMBER
Universal Decimal Classification number 524(082.2)
Item number FRI
111 ## - MAIN ENTRY--MEETING NAME
Meeting name or jurisdiction name as entry element Gottingen-Jerusalem Symposium
Number of part/section/meeting 5th
Location of meeting Gottingen
Date of meeting or treaty signing 1980 Oct. 6-9
9 (RLIN) 12445
245 #0 - TITLE STATEMENT
Title Proceedings of the 5th Gottingen-Jerusalem Symposium on Astrophysics
Remainder of title proceedings of 5th Gottingen-Jerusalem Symposium held at Gottingen, October 6-9 1980
Statement of responsibility, etc. edited by Klaus J. Fricke and Jacob Shaham
260 ## - PUBLICATION, DISTRIBUTION, ETC.
Place of publication, distribution, etc. Gottingen
Name of publisher, distributor, etc. Vandenhoeck & Ruprecht
Date of publication, distribution, etc. 1981
300 ## - PHYSICAL DESCRIPTION
Extent ix, 298p.
650 ## - SUBJECT ADDED ENTRY--TOPICAL TERM
Topical term or geographic name entry element Astronomy and Astrophysics Thesaurus
650 ## - SUBJECT ADDED ENTRY--TOPICAL TERM
Topical term or geographic name entry element Astrophysics
9 (RLIN) 794
700 ## - ADDED ENTRY--PERSONAL NAME
Personal name Fricke, Klaus J., ed.
9 (RLIN) 12446
700 ## - ADDED ENTRY--PERSONAL NAME
Personal name Shaham, Jacob, ed.
9 (RLIN) 12447
710 ## - ADDED ENTRY--CORPORATE NAME
Corporate name or jurisdiction name as entry element Abhandlungen der Akademie der Wissenschaften
9 (RLIN) 12448
942 ## - ADDED ENTRY ELEMENTS (KOHA)
Koha item type Books
Holdings
Withdrawn status Lost status Damaged status Not for loan Home library Current library Shelving location Date acquired Total Checkouts Full call number Barcode Date last seen Price effective from Koha item type
        IIA Library-Bangalore IIA Library-Bangalore General Stacks 17/01/1983   524(082.2)/ FRI 8078 05/11/2021 17/01/1983 Books

Powered by Koha